Phragmipedium richteri (Registro nro. 13517)

Detalles MARC
000 -CABECERA
Campo de control 003030000a22001090004500
090 ## - CLASIFICACIÓN LOCAL
Colección AR
Consecutivo 04419
041 0# - IDIOMA
Código de idioma para texto/pista de sonido o título separado
100 1# - ASIENTO PRINCIPAL--NOMBRE PERSONAL
Nombre personal Christenson, Eric A.
245 10 - MENCION DE TITULO
Título Phragmipedium richteri
Version a natural hybrid sporadically seen in cultivation
773 1# - Item fuente:
Título Orchids
Paginas del Articulo 210-213
Lugar, editorial y fecha de publicación 2003
942 ## - ELEMENTOS ADICIONALES (KOHA)
Tipo de ítem Artículo
Existencias
Withdrawn status Lost status Damaged status No para préstamo Colección Ubicación Permanente Ubicación actual Fecha de adquisición Fuente de Valor Datos de publicación Seriada Total Checkouts Número topográfico Inventario / Código de Barras Date last seen Ejemplar Price effective from Forma de adquisición Tipo de material
      No para Préstamo Hemeroteca Bogotá Bogotá 27/08/2007 Calderón, Eduardo Fuera de circulación   AR 04419 025117 25/03/2015 1 25/03/2015   Artículo